00931nam a22002537a 45000010005000000030006000050050017000110080041000280200018000690400029000870500016001160820010001321000024001422450047001662500047002132600036002603000059002965050008003555200201003635210020005645210020005846500037006047000036006416992FISKH20250616161106.0250616b cb ||||| |||| 00| 0 eng d a9780439562126 aFISKHbengcFISKHdFISKH aLB1181 .R64 a428.1 aRogers, Jacqueline  aKindergarten ABC / cBy Jacqueline Rogers  aFirst Scholastic printing , September 2003 aNew York :bScholastic ,c2002. a39 unnumbered pages :bcolor illustrations ;c23 cm .  aO  aPresents the special activities of a kindergarten class on the day devoted to each letter of the alphabet, from finding acorns outside on A day to zero more letters and a trip to the zoo on Z day.8 a600 bLexile 8 aO bRaz-Plus  aBack to schoolvJuvenile Fiction aGassman, NathaneBook desinger